Improving your memory : (Record no. 5132)

MARC details
000 -LEADER
fixed length control field 00625 a2200181 4500
010 ## - LCCN (DPL NO)
LC control number ENG-86747
020 ## - INTERNATIONAL STANDARD BOOK NUMBER
Terms of availability 60.00
International Standard Book Number 8179661830
035 ## - SYSTEM CONTROL NUMBER
System control number EN-70280
037 ## - SOURCE OF ACQUISITION
Source of stock number/acquisition DBAD / PUB
082 14 - DEWEY DECIMAL CLASSIFICATION NUMBER
Classification number 153.122
100 ## - MAIN ENTRY--PERSONAL NAME
Personal name Fogler, Janet
245 1# - TITLE STATEMENT
Title Improving your memory :
Statement of responsibility, etc by Janet Fogler [and] Lynn Stern
Remainder of title how to remember what you're starting to forget /
260 ## - PUBLICATION, DISTRIBUTION, ETC. (IMPRINT)
Place of publication, distribution, etc Chennai
Name of publisher, distributor, etc Emerald Publishers
Date of publication, distribution, etc 2005
270 ## - ADDRESS
Address 15A, 1st Floor, Casa Major Road, Egmore,
City Chennai
Postal code 600 008
Electronic mail address info@emeraldpublisers.com
300 ## - PHYSICAL DESCRIPTION
Extent vii, 134p
Dimensions 22cm (pbk)
700 ## - ADDED ENTRY--PERSONAL NAME
Personal name Stern, Lynn
942 ## - ADDED ENTRY ELEMENTS (KOHA)
Institution code [OBSOLETE] dpl
Item type English Books
Source of classification or shelving scheme Dewey Decimal Classification
Classification part 153.122
Call number suffix FOG
Holdings
Withdrawn status Lost status Not for loan Collection code Home library Current library Source of acquisition Cost, normal purchase price Full call number Barcode Copy number Cost, replacement price Koha item type
    Not For Loan Non-fiction D.B.Act.Division D.B.Act.Division DBAD/PUB 60.00 153.122 FOG EN-70280 1 60.00 English Books

© Delhi Public Library
Hit Counter
free hit counter